LEADER 01018nam a2200241 i 4500 001 000000156188 003 CaOOAMICUS 005 20061129000000.0 008 061129s1965 it u000 u ita u 013 $a133543 040 $aSeMil$bita 245 10$aJ. A. Dominique Ingres /$c[Dario Durbé]. 246 04$iTitolo in copertina:$aIngres 260 $aMilano :$bFabbri,$ccopyr. 1965. 300 $a[8] p., 16 p. di tav. riccamente ill. ;$c36 cm. 490 0 $aI maestri del colore : la piů grande collana d'arte del mondo ;$v87 700 1 $aDurbé, Dario.$0(OLS)http://semarc/name/7813 830 2$aI maestri del colore : la piů grande collana d'arte del mondo ;$v87.$0(OLS)http://semarc/title/2091 850 $aSeMil 852 $aSeMil$W1$xVenegono$y1$m5G XII 9/87$j107990$B107990$CSeMilBibl$Z2$F117617 $81 996 $6245$aJ. A. Dominique Ingres$9(OLS)http://semarc/title/228918 996 $6246$aIngres$9(OLS)http://semarc/title/228919 996 $6260$aMilano :$bFabbri$9(OLS)http://semarc/publisher/30054 LEADER 01083nas a2200229 i 4500 001 000000170906 003 CaOOAMICUS 005 20080421000000.0 008 080411b2007 it uu u0 0ita r 013 $a148322 040 $aSeMil$bita 245 10$aVarese Mondiale =$bVarese, a World Champion town. 260 $a[Varese] :$bCamera di Commercio Industria, Artigianato e Agricoltura di Varese,$ccopyr. 2007. 300 $a87 p. :$briccamente ill. ;$c29 cm. 500 $aNumerazione errata del fascicolo. - Traduzione in inglese dei singoli articoli. - Titolo dalla copertina. 773 0 $tLombardia Nord-Ovest.$dVarese : [s.n.], [1958?]$w()3252 774 0 $t[vedi periodico].$w()268501 850 $aSeMil 852 $aSeMil$W1$xVenegono$y1$m199 5 53$j121787$B121787$CSeMilBibl$Z2$F133304 $85 961 $aOmaggio: Camera di Commercio 996 $6245$aVarese Mondiale =$bVarese, a World Champion town$9(OLS)http://semarc/title/244453 996 $6260$a[Varese] :$bCamera di Commercio Industria, Artigianato e Agricoltura di Varese$9(OLS)http://semarc/publisher/35108